000 00333nam a22001457a 4500
008 210312b ||||| |||| 00| 0 eng d
020 _a9781556424625
041 _aeng
080 _a615.83
082 _a615.83
100 _a8
101 _aEGZ
245 _aMusular Analysis of Everday Activities
_cBukowski,E
942 _2udc
_cBK
999 _c56597
_d56597